Requirements for the degrees of doctor of philosophy in education and doctor of education.

Bibliographic Details
Main Author: Woody, Clifford, 1884-1948
Format: Book
Language:English
Published: Ann Arbor, Mich. : The Ann Arbor Press, [1947]
Series:National Society of College Teachers of Education. Monograph ; 1
Subjects:

MARC

Tag First Indicator Second Indicator Subfields
LEADER 00000cam a2200000 4500
001 in00000055691
005 20151008052303.0
008 800512s1947 miu 00000 eng d
035 |a (OCoLC)06306854 
035 |9 AAH2632AM 
040 |a TXA  |c TXA  |d UtOrBLW 
049 |a TXAM  |c [197766] 
050 0 |a LB2386  |b .W6 
092 |a 378.2  |b W912r 
100 1 |a Woody, Clifford,  |d 1884-1948. 
245 1 0 |a Requirements for the degrees of doctor of philosophy in education and doctor of education. 
264 1 |a Ann Arbor, Mich. :  |b The Ann Arbor Press,  |c [1947] 
300 |a 54 pages 
336 |a text  |b txt  |2 rdacontent 
337 |a unmediated  |b n  |2 rdamedia 
338 |a volume  |b nc  |2 rdacarrier 
490 1 |a National Society of College Teachers of Education. Monograph ;  |v 1 
650 0 |a Degrees, Academic  |z United States. 
810 2 |a National Society of College Teachers of Education.  |t Monograph ;  |v 1. 
999 |a MARS 
999 f f |s 407974ee-acd5-3013-bce2-cf24e54835c1  |i 511f8bcb-ec61-3223-a48a-136b1c0b0500  |t 0 
952 f f |p normal  |a Texas A&M University  |b College Station  |c Sterling C. Evans Library  |d Evans: Library Stacks  |t 0  |e LB2386 .W6  |h Library of Congress classification  |i unmediated -- volume  |m A14800862865 
998 f f |a LB2386 .W6  |t 0  |l Evans: Library Stacks